000 00658nam a22002057a 4500
999 _c19494
_d19494
003 AR-CdUCM
008 190517b ||||| |||| 00| 0 spa d
040 _aMUNICIPALIDAD PROVINCIAL DEL CUSCO
_cBIBLIOTECA MUNICIPAL DEL CUSCO
082 _a869.56 /
_bIB12
100 _aIbarbourou, Juana de
_919621
245 _aOro y tormenta :
_bSonetos /
260 _aChile :
_bZig Zag,
_c1956.
300 _a87 páginas ;
_c21 cm.
505 _aContenido: Soneto a un hombre -- Secreto a voces -- Secreta dulzura -- El nudo...
650 _aSonetos
_917003
650 _aPoesía
_9139
650 _aChile
_91150
942 _2ddc
_cLIBROS
945 _adavv
_d2019-05-17